zpět

Detail výsledku týmu

NÁŠ BAR, Lipník nad Bečvou

Datum a čas kvízu

41.5 Celkem bodů Celkový počet nahraných bodů na tomto kvízu bez doplňovacích otázek.
1. Pořadí na kvízu Konečné umístění týmu na tomto kvízu.

Zaznamenané odpovědi

# Otázka Odpověď Body Výsledky
1. Která postava má svou sněhovou... Krakonoš 1
2. V bavorském městečku Burgsinn... Penny 1
3. Minulý týden potvrdili konec s... David Prachař; Linda Rybová 1
4. Na technologickém veletrhu CES... Tamagoči 1
5. Minulý týden proběhl nejdražší... Matyáš Vojta 1
6. Téma o městě, které nikdy nesp... Flatiron (Building)/žehlička 1
7. Seřaďte uvedené události od té... 1D 2B 3C 4A 0
8. Jak se jmenuje tato americká h... Beastie Boys; No Sleep till Brooklyn 0.5
9. Turisté v NYC míří nejen do di... 1C 2B 3A 4D 1
10. Jak se jmenuje fiktivní město,... Gotham (City); Bronx 0.5